000 01722nam a22001577a 4500
999 _c524601
_d524601
008 240102b ||||| |||| 00| 0 eng d
100 _aShah, Sweety and Mehta, Neha
_947487
245 _aOver-the-top (OTT) streaming services: Studying users’ behaviour through the UTAUT model
260 _aManagement and Labour Studies
300 _a48(4), Nov, 2023: p.531-547
520 _aOver-the-Top (OTT) streaming platforms are transforming the industry’s broadcasting market and structure. The streaming media revolution is based on constant innovation, both in terms of experiences and products. Streaming media is emerging strongly with various choices, time shifts, place shifts and navigation. The article describes the adoption of OTT using the unified theory of acceptance and use of technology (UTAUT) model, which explains the impact of emerging technology on the audience. The study, which employed structural equation modelling, analysed the data of 458 respondents, using the partial least-square structural equation model software. The findings showed that the model reasonably explained the respondents’ acceptance of OTT. More specifically, the attitude towards technology is determined by performance expectancy and effort expectancy while the attitude towards technology, facilitating conditions and social influence positively affect the intention to adopt OTT. The implications of the study discuss the methods to increase acceptance and adoption of OTT. – Reproduced https://journals.sagepub.com/doi/full/10.1177/0258042X221137438
650 _aOver-the-Top (OTT), Industry’s broadcasting market
_947488
773 _aManagement and Labour Studies
906 _aMASS MEDIA
942 _cAR